TV Siblings Odd One Out Quiz Stats

 Plays Quiz Updated Jul 3, 2017

Support Sporcle.
Go Orange.
Score 0/18 Timer 05:00
2 Plays Today
Question Answer Wrong Answers
The Simpsons
Simpson Siblings
Marge
92.1%
Bart
1.1%
Lisa
1.2%
Maggie
2.1%
Full House
Tanner Siblings
Pam
83.8%
D.J.
5.8%
Michelle
3%
Stephanie
3.5%
The Brady Bunch
Brady Siblings
Mike
79.2%
Bobby
5.4%
Cindy
4.5%
Jan
6.9%
Home Improvement
Taylor Siblings
Tim
78.1%
Brad
5.3%
Randy
6.3%
Mark
5.6%
Family Guy
Griffin Siblings
Peter
75.7%
Chris
10.8%
Meg
5.7%
Stewie
3.7%
Modern Family
Dunphy Siblings
Mitch
71.8%
Haley
6.9%
Luke
9.5%
Alex
7%
The Wonder Years
Arnold Siblings
Winnie
68.9%
Kevin
5%
Karen
10.9%
Wayne
10.1%
Family Ties
Keaton Siblings
Ellen
67.1%
Alex
6.2%
Mallory
11.9%
Jennifer
9.4%
Malcolm in the Middle
Wilkerson Siblings
Hal
66.3%
Dewey
7.9%
Francis
12%
Reese
8.8%
Animaniacs
Warner Siblings
Otto
62.2%
Dot
15%
Yakko
8.7%
Wakko
8.6%
Arrested Development
Bluth Siblings
Lucille
55.6%
Michael
8.4%
Buster
17%
Lindsay
13.4%
Charmed
Halliwell Siblings
Penny
55.5%
Prue
18.4%
Piper
8%
Phoebe
12.9%
The Fresh Prince of Bel-Air
Banks Siblings
Will
54.4%
Hilary
7.6%
Nicky
29.1%
Ashley
5.1%
The Waltons
Walton Siblings
Olivia
47.4%
Erin
21.5%
Ben
14%
Elizabeth
11.8%
Game of Thrones
Baratheon Siblings
Shireen
46.8%
Stannis
9.6%
Robert
24.5%
Renly
13.4%
Downton Abbey
Crawley Siblings
Violet
43.6%
Mary
13.7%
Edith
15.9%
Sybil
21.1%
Six Feet Under
Fisher Siblings
Ruth
43.3%
Claire
18.1%
David
14.8%
Nate
17.5%
Doctor Who
Jones Siblings
Donna
29.8%
Martha
19%
Tish
25.2%
Leo
19.8%

You're not logged in!

Compare scores with friends on all Sporcle quizzes.
OR
Log In
Forgot?

From the Vault

Animated Pixar Characters

by NoodleDoodle

These cartoon characters are so happy, they just can't sit still.
Remove Ads.
Support Sporcle.
Get the best of Sporcle when you Go Orange. This ad-free experience offers more features, more stats, and more fun while also helping to support Sporcle. Thank you for becoming a member.

Show Comments

Extras

Top Quizzes Today


Score Distribution

Your Account Isn't Verified!

In order to create a playlist on Sporcle, you need to verify the email address you used during registration. Go to your Sporcle Settings to finish the process.

Report this User

Report this user for behavior that violates our Community Guidelines.

Details: